| 000 | 00672nam a2200205 i 4500 | ||
|---|---|---|---|
| 001 | 28658 | ||
| 003 | ES-MaACL | ||
| 005 | 20251120063123.0 | ||
| 007 | t| | ||
| 008 | 030117m19001902sp ||||1| spa d | ||
| 100 | 1 |
_aBalmes, Jaime, _d1810-1848 _925096 |
|
| 245 | 1 | 0 |
_aCurso de filosofía elemental / _cJaime Balmes. |
| 250 | _a8ª ed. | ||
| 260 |
_aBarcelona : _b[s.n.], _c1900-1902 ( _fImp. Barcelona) |
||
| 300 |
_a4 v. ; _c19 cm. |
||
| 505 | 8 | _aContiene: Vol. I: Lógica. -- Vol. II: Etica. -- Vol. III: Metafísica. -- Vol. IV: Historia de la filosofía | |
| 650 | 0 | 7 |
_aFilosofía _2embne _912802 |
| 852 |
_aES-MaACL _jF-2502-05 |
||
| 999 |
_c28658 _d28658 |
||